000 01261nam0a2200313 4500
001 RU\NLR\bibl\1287495
005 20250615143312.0
021 _aRU
_b2008-68374
_93910
035 _a(NLR Aleph) 001273200
090 _a452168
_c452168
100 _a20081023d2008 |||y0rusy50 ca
101 0 _arus
_deng
102 _aRU
105 _aa |||||||||
200 1 _aВыделение различных фаз адаптации организма спорсмена к высокой физической нагрузке
_fЭсселевич И. А.
210 _aМосква
_cИнститут прикладной математики
_d2008
215 _a20 с.
_cил.
_d21
225 1 _aПрепринт
_fИн-т прикл. математики им. М. В. Келдыша Рос. акад. наук
_v№ 39 за 2008 г.
300 _aРез. на англ. яз.
320 _aБиблиогр.: с. 19-20 (10 назв.)
606 1 _aСпортсмены
_xФизическая подготовка
_91666073
_3RU\NLR\auth\661037325
686 _aЧ511.511
700 1 _aЭсселевич
_bИ. А.
_4070
801 0 _aRU
_bNLR
_c20081023
_gRCR
801 1 _aRU
_bNLR
_c20081023
942 _cBOOK
980 _aNB